000
00297nam a22001337a 4500
008
170508b xxu||||| |||| 00| 0 eng d
020
_a
9780073401515
041
_a
eng
080
_a
34
100
_a
14
101
_a
SHJ
245
_a
REALATIES AND CHALLENGES
_c
MASTERS.R.E
942
_2
udc
_c
BK
999
_c
12903
_d
12903